Random Letters SPAM - Statistics

General Stats
  • This quiz has been taken 33 times
  • The average score is 16 of 99
Answer Stats
SPAM Letters % Correct
d
100%
h
64%
a
56%
a
48%
f
40%
g
40%
n
32%
y
24%
a
20%
d
20%
a
16%
a
16%
b
16%
b
16%
e
16%
f
16%
g
16%
i
16%
n
16%
n
16%
o
16%
o
16%
p
16%
r
16%
r
16%
s
16%
t
16%
t
16%
u
16%
w
16%
z
16%
z
16%
z
16%
b
12%
b
12%
b
12%
c
12%
c
12%
c
12%
d
12%
d
12%
d
12%
d
12%
d
12%
e
12%
f
12%
f
12%
f
12%
f
12%
g
12%
g
12%
g
12%
g
12%
h
12%
h
12%
h
12%
i
12%
j
12%
k
12%
m
12%
m
12%
m
12%
n
12%
n
12%
o
12%
p
12%
p
12%
q
12%
r
12%
s
12%
s
12%
t
12%
u
12%
v
12%
v
12%
w
12%
w
12%
w
12%
w
12%
w
12%
w
12%
x
12%
x
12%
x
12%
x
12%
x
12%
x
12%
y
12%
z
12%
z
12%
z
12%
as
8%
g
8%
g
8%
g
8%
hz
8%
j
8%
s
8%
w
8%
No matching quizzes found
Score Distribution
Percent of People with Each Score
Percentile by Number Answered
Your Score History
You have not taken this quiz